[Event "Ceriano Laghetto op-B 24th"]
[Site "Ceriano Laghetto"]
[Date "2015.03.08"]
[Round "5"]
[White "Pedemonte, Claudio"]
[Black "Mazzoccoli, Simone"]
[Result "1-0"]
[WhiteElo "1707"]
[BlackElo "1733"]
[PlyCount "79"]
[EventDate "2015.03.06"]
[EventType "swiss"]
[EventRounds "5"]
[EventCountry "ITA"]
[SourceTitle "EXT 2017"]
[Source "ChessBase"]
[SourceDate "2016.10.25"]
[SourceVersion "1"]
[SourceVersionDate "2016.10.25"]
[SourceQuality "1"]

1. c4 g6 2. Nc3 Bg7 3. e4 e5 4. g3 d6 5. Bg2 Nc6 6. Nge2 Nge7 7. d3 0-0 8. 0-0 Bd7 9. h3 Qc8 10. Kh2 f5 11. f4 Nd4 12. Be3 a6 13. a4 Rb8 14. Rb1 c5 15. b4 cxb4 16. Rxb4 Nec6 17. Rb6 Nxe2 18. Nxe2 Kh8 19. Qd2 Rf7 20. Rfb1 fxe4 21. Bxe4 Be8 22. Bd5 Rc7 23. Nc3 Bf7 24. Qc2 Nd4 25. Qf2 Nf5 26. Bd2 exf4 27. gxf4 Bd4 28. Qf3 Bxb6 29. Rxb6 Re7 30. Bxf7 Rxf7 31. Nd5 Qe6 32. Bc3+ Kg8 33. Rb1 Qc8 34. Nf6+ Kf8 35. Re1 Qc6 36. Qe2 Qxa4 37. Ba1 Qc6 38. Qb2 Nh4 39. Nd7+ Rxd7 40. Qh8+ 1-0

[Event "Milan Carnevale op-A 6th"]
[Site "Milan"]
[Date "2015.02.22"]
[Round "5"]
[White "Mazzoccoli, Simone"]
[Black "Blasco, Domenico"]
[Result "1/2-1/2"]
[WhiteElo "1735"]
[BlackElo "1879"]
[PlyCount "71"]
[EventDate "2015.02.18"]
[EventType "swiss"]
[EventRounds "6"]
[EventCountry "ITA"]
[SourceTitle "EXT 2017"]
[Source "ChessBase"]
[SourceDate "2016.10.25"]
[SourceVersion "1"]
[SourceVersionDate "2016.10.25"]
[SourceQuality "1"]

1. e4 g6 2. d4 Bg7 3. Nc3 a6 4. a4 b6 5. Nf3 d6 6. Be3 Nd7 7. Bd3 e6 8. 0-0 Ne7 9. Qd2 h6 10. Rfe1 Bb7 11. Rab1 Nf6 12. h3 g5 13. Nh2 e5 14. d5 Ng6 15. g3 Qd7 16. Bf1 0-0 17. b4 Nh5 18. Bg2 Nhf4 19. gxf4 exf4 20. Bd4 Nh4 21. Bxg7 Kxg7 22. Qd4+ f6 23. Bf1 a5 24. b5 Rae8 25. f3 h5 26. Kf2 Re5 27. Ne2 Bc8 28. Rb3 Qf7 29. Rc3 Kh6 30. Qc4 Re7 31. Nd4 Ng6 32. Ne2 Ne5 33. Qd4 Rfe8 34. Bg2 Ng6 35. Bf1 Ne5 36. Bg2 1/2-1/2

[Event "Milan Carnevale op-A 6th"]
[Site "Milan"]
[Date "2015.02.21"]
[Round "4"]
[White "Dimitrov, Gabriel Demetrio"]
[Black "Mazzoccoli, Simone"]
[Result "1/2-1/2"]
[WhiteElo "1800"]
[BlackElo "1735"]
[PlyCount "153"]
[EventDate "2015.02.18"]
[EventType "swiss"]
[EventRounds "6"]
[EventCountry "ITA"]
[SourceTitle "EXT 2017"]
[Source "ChessBase"]
[SourceDate "2016.10.25"]
[SourceVersion "1"]
[SourceVersionDate "2016.10.25"]
[SourceQuality "1"]

1. e4 c5 2. Nf3 Nc6 3. d4 cxd4 4. Nxd4 g6 5. Nc3 Bg7 6. Be3 Nf6 7. Bc4 0-0 8. 0-0 Nxe4 9. Nxe4 d5 10. Nxc6 bxc6 11. Bd3 dxe4 12. Bxe4 Qc7 13. c3 Rb8 14. Rb1 Be6 15. Qa4 Bd5 16. Bxd5 cxd5 17. Qxa7 Qxa7 18. Bxa7 Ra8 19. Bc5 Rxa2 20. Bxe7 Rb8 21. Bb4 d4 22. Rfd1 dxc3 23. bxc3 Rc8 24. Rbc1 Bh6 25. Ra1 Rc2 26. Kf1 Bg7 27. Rac1 Rb2 28. Re1 Bh6 29. Rb1 Ra2 30. Re2 Ra4 31. Rc2 Bf8 32. Bxf8 Kxf8 33. Ke2 Ke7 34. Rd1 Ke6 35. Rd3 Ke5 36. Kd2 Ke6 37. Rd4 Ra3 38. Kd3 Ke5 39. Re2+ Kf6 40. Rf4+ Kg7 41. Rc2 Kf8 42. Rc4 Rd8+ 43. Rd4 Rc8 44. Rd5 Ke7 45. Kd4 Ra4+ 46. c4 Ke6 47. Re2+ Kf6 48. Rd6+ Kg7 49. Rc2 Kf8 50. Kd5 Ra1 51. Rc6 Rd1+ 52. Kc5 Rb8 53. Rc7 Re1 54. Rd2 Re5+ 55. Kc6 Re6+ 56. Rd6 Rb6+ 57. Kxb6 Rxd6+ 58. Rc6 Rd2 59. Rf6 Ke7 60. Rf3 Rb2+ 61. Kc7 Rc2 62. Rf4 f5 63. h4 Ke6 64. Kc6 Ke5 65. g3 h6 66. c5 g5 67. hxg5 hxg5 68. Rf3 Ke4 69. Ra3 Rxf2 70. Kd6 Rd2+ 71. Ke6 f4 72. gxf4 gxf4 73. Ra4+ Ke3 74. c6 f3 75. c7 Rc2 76. Kd7 f2 77. Ra1 1/2-1/2

[Event "Milan Carnevale op-A 6th"]
[Site "Milan"]
[Date "2015.02.19"]
[Round "2"]
[White "Nordio, Giorgio"]
[Black "Mazzoccoli, Simone"]
[Result "0-1"]
[WhiteElo "1863"]
[BlackElo "1735"]
[PlyCount "96"]
[EventDate "2015.02.18"]
[EventType "swiss"]
[EventRounds "6"]
[EventCountry "ITA"]
[SourceTitle "EXT 2017"]
[Source "ChessBase"]
[SourceDate "2016.10.25"]
[SourceVersion "1"]
[SourceVersionDate "2016.10.25"]
[SourceQuality "1"]

1. c4 g6 2. g3 Bg7 3. Bg2 e5 4. Nc3 d6 5. e4 Nc6 6. Nge2 Nge7 7. 0-0 0-0 8. d3 Bd7 9. Be3 Nd4 10. f4 Qc8 11. Rf2 f5 12. Qd2 fxe4 13. Nxe4 Nef5 14. Rc1 Nxe3 15. Qxe3 Nxe2+ 16. Qxe2 exf4 17. Rxf4 Rxf4 18. gxf4 Bh3 19. Ng3 Bxg2 20. Qxg2 Qe6 21. Rf1 Qe3+ 22. Kh1 c6 23. Qh3 Rf8 24. Qd7 Rxf4 25. Qxd6 Rxf1+ 26. Nxf1 Qf2 27. Qe6+ Qf7 28. Qxf7+ Kxf7 29. b3 Ke6 30. Kg2 Ke5 31. Kf3 Kd4 32. Ke2 Kc3 33. Ke3 c5 34. Ke4 Kb2 35. Nd2 Bh6 36. Nf3 Kxa2 37. b4 cxb4 38. Nd4 Bg7 39. Ne2 b3 40. d4 b2 41. Nc3+ Kb3 42. Kd3 a5 43. Nb1 a4 44. d5 a3 45. d6 a2 46. Nd2+ Kb4 47. d7 b1Q+ 48. Ke2 Bf6 0-1

[Event "Milan Carnevale op-A 6th"]
[Site "Milan"]
[Date "2015.02.18"]
[Round "1"]
[White "Mazzoccoli, Simone"]
[Black "Cerioni, Armando"]
[Result "0-1"]
[WhiteElo "1735"]
[BlackElo "1947"]
[PlyCount "54"]
[EventDate "2015.02.18"]
[EventType "swiss"]
[EventRounds "6"]
[EventCountry "ITA"]
[SourceTitle "EXT 2017"]
[Source "ChessBase"]
[SourceDate "2016.10.25"]
[SourceVersion "1"]
[SourceVersionDate "2016.10.25"]
[SourceQuality "1"]

1. e4 Nc6 2. d4 e5 3. dxe5 Nxe5 4. Nf3 Nxf3+ 5. Qxf3 Nf6 6. Bc4 d6 7. h3 Be6 8. Bxe6 fxe6 9. Qb3 Qc8 10. Nc3 Be7 11. Be3 c6 12. 0-0 0-0 13. f4 Kh8 14. e5 Nd5 15. Nxd5 exd5 16. c4 dxc4 17. Qxc4 dxe5 18. fxe5 Qc7 19. Bd4 Rad8 20. Rxf8+ Rxf8 21. Rf1 Rxf1+ 22. Kxf1 Bg5 23. Qe6 h6 24. Qe8+ Kh7 25. Qf8 Qd7 26. Qd6 Qf5+ 27. Bf2 Be3 0-1

[Event "Milan Province-ch"]
[Site "Milan"]
[Date "2015.01.25"]
[Round "3"]
[White "Valdettaro, Filippo"]
[Black "Mazzoccoli, Simone"]
[Result "1-0"]
[WhiteElo "1754"]
[BlackElo "1760"]
[PlyCount "105"]
[EventDate "2015.01.24"]
[EventType "swiss"]
[EventRounds "6"]
[EventCountry "ITA"]
[SourceTitle "EXT 2017"]
[Source "ChessBase"]
[SourceDate "2016.10.25"]
[SourceVersion "1"]
[SourceVersionDate "2016.10.25"]
[SourceQuality "1"]

1. e4 c5 2. d4 cxd4 3. c3 Nf6 4. e5 Nd5 5. Qxd4 e6 6. Nf3 Nc6 7. Qe4 d6 8. Bc4 Nb6 9. Bb3 Qc7 10. exd6 Bxd6 11. 0-0 Nd7 12. Nbd2 Nf6 13. Qe2 0-0 14. Nc4 Na5 15. Nxa5 Qxa5 16. Rd1 Bc7 17. Bg5 Ng4 18. h3 Nh2 19. Bh4 Qh5 20. Bg3 Bxg3 21. fxg3 Nxf3+ 22. Qxf3 Qxf3 23. gxf3 b6 24. Kf2 Ba6 25. Rd6 Rfd8 26. Rad1 Rxd6 27. Rxd6 Kf8 28. Ba4 Rb8 29. Rd7 b5 30. Bc2 b4 31. Rxa7 bxc3 32. bxc3 Rb2 33. Rxa6 Rxc2+ 34. Ke3 Rxc3+ 35. Ke4 Ke7 36. Ra7+ Ke8 37. a4 Rc6 38. a5 Rc3 39. a6 Rc6 40. Ra8+ Ke7 41. a7 Ra6 42. Kd4 Ra1 43. f4 Rd1+ 44. Ke4 Re1+ 45. Kf3 Rf1+ 46. Kg4 Ra1 47. Rg8 Rxa7 48. Rxg7 Kf8 49. Rg5 f5+ 50. Kh5 Rg7 51. Kh6 Rxg5 52. fxg5 Kg8 53. g6 1-0

[Event "Varese op 13th"]
[Site "Varese"]
[Date "2014.10.12"]
[Round "5"]
[White "Cova, Ennio"]
[Black "Mazzoccoli, Simone"]
[Result "0-1"]
[WhiteElo "1635"]
[BlackElo "1787"]
[PlyCount "106"]
[EventDate "2014.10.10"]
[EventType "swiss"]
[EventRounds "5"]
[EventCountry "ITA"]
[SourceTitle "EXT 2016"]
[Source "ChessBase"]
[SourceDate "2015.10.08"]
[SourceVersion "1"]
[SourceVersionDate "2015.10.08"]
[SourceQuality "1"]

1. Nf3 Nf6 2. g3 g6 3. Bg2 Bg7 4. c4 d6 5. Nc3 0-0 6. 0-0 Nbd7 7. d4 e5 8. e3 Re8 9. Re1 c6 10. b4 d5 11. Nd2 e4 12. Bb2 a5 13. a3 Nf8 14. Qb3 Be6 15. cxd5 cxd5 16. Rec1 axb4 17. axb4 Qd7 18. Bf1 Rxa1 19. Rxa1 Rc8 20. Ra3 b6 21. Ra1 Bg4 22. Qa4 Qxa4 23. Rxa4 N8d7 24. h3 Be6 25. Kh2 Bf8 26. Bb5 Bd6 27. Kg2 Kg7 28. g4 h6 29. Ndb1 Ne8 30. Nxe4 dxe4 31. d5+ Ne5 32. dxe6 fxe6 33. Bd7 Rd8 34. Bxe6 Kf8 35. Bd4 b5 36. Ra5 Rb8 37. Bc5 Bxc5 38. bxc5 Nc7 39. Bb3 Nd3 40. Ra7 Rc8 41. c6 Nb4 42. Nc3 Nxc6 43. Ra1 Re8 44. Rd1 b4 45. Ba4 bxc3 46. Bxc6 Re5 47. Rc1 Rc5 48. Bxe4 g5 49. Kf3 Na6 50. Ke2 Nb4 51. Bd3 Na2 52. Ra1 c2 53. Kd2 c1Q+ 0-1

[Event "Milan Palladino Memorial-B 6th"]
[Site "Milan"]
[Date "2014.04.21"]
[Round "7"]
[White "Mazzoccoli, Simone"]
[Black "Colonetti, Fabio"]
[Result "1-0"]
[WhiteElo "1761"]
[BlackElo "1521"]
[PlyCount "49"]
[EventDate "2014.04.17"]
[EventType "swiss"]
[EventRounds "7"]
[EventCountry "ITA"]
[SourceTitle "EXT 2015"]
[Source "ChessBase"]
[SourceDate "2014.11.20"]
[SourceVersion "1"]
[SourceVersionDate "2014.11.20"]
[SourceQuality "1"]

1. e4 Nf6 2. e5 Nd5 3. d4 d6 4. c4 Nb6 5. exd6 cxd6 6. Nc3 g6 7. Be3 Bg7 8. Nf3 0-0 9. Be2 Bg4 10. 0-0 d5 11. c5 Nc8 12. Qb3 Qd7 13. Qxd5 Qxd5 14. Nxd5 Nc6 15. Rad1 Rd8 16. Nc3 Bxf3 17. Bxf3 Nxd4 18. Bxd4 Rxd4 19. Rxd4 Bxd4 20. Rd1 Bxc5 21. Rd8+ Kg7 22. Bxb7 Rb8 23. Rxc8 Rxb7 24. Rxc5 Rxb2 25. Kf1 1-0

[Event "Milan Palladino Memorial-B 6th"]
[Site "Milan"]
[Date "2014.04.20"]
[Round "5"]
[White "Mazzoccoli, Simone"]
[Black "Delle Fave, Fabio"]
[Result "1-0"]
[WhiteElo "1761"]
[BlackElo "1777"]
[PlyCount "69"]
[EventDate "2014.04.17"]
[EventType "swiss"]
[EventRounds "7"]
[EventCountry "ITA"]
[SourceTitle "EXT 2015"]
[Source "ChessBase"]
[SourceDate "2014.11.20"]
[SourceVersion "1"]
[SourceVersionDate "2014.11.20"]
[SourceQuality "1"]

1. e4 c6 2. d4 d5 3. exd5 cxd5 4. c4 Nf6 5. Nc3 e6 6. Nf3 Nc6 7. Bd3 h6 8. 0-0 b6 9. Re1 Be7 10. a3 0-0 11. b4 dxc4 12. Bxc4 Bb7 13. Bb3 Rc8 14. Bb2 Re8 15. d5 exd5 16. Nxd5 Nxd5 17. Bxd5 Qd6 18. Qb3 Qf4 19. Rad1 Bf8 20. g3 Rxe1+ 21. Nxe1 Qf5 22. Bxf7+ Qxf7 23. Qxf7+ Kxf7 24. Rd7+ Kg6 25. Rxb7 Rd8 26. Nf3 Rd1+ 27. Kg2 Rb1 28. Ne5+ Nxe5 29. Bxe5 Re1 30. f4 Re2+ 31. Kh3 a5 32. Rxb6+ Kh7 33. Rb8 axb4 34. Rxf8 bxa3 35. Ra8 1-0

[Event "Milan Carnevale op-B 5th"]
[Site "Milan"]
[Date "2014.03.05"]
[Round "1"]
[White "Carli, Federico"]
[Black "Mazzoccoli, Simone"]
[Result "1/2-1/2"]
[WhiteElo "1559"]
[BlackElo "1752"]
[PlyCount "45"]
[EventDate "2014.03.05"]
[EventType "swiss"]
[EventRounds "6"]
[EventCountry "ITA"]
[SourceTitle "EXT 2015"]
[Source "ChessBase"]
[SourceDate "2014.11.20"]
[SourceVersion "1"]
[SourceVersionDate "2014.11.20"]
[SourceQuality "1"]

1. e4 c5 2. c3 Nf6 3. e5 Nd5 4. d4 cxd4 5. cxd4 d6 6. Nf3 Nc6 7. Bc4 Nb6 8. Bb5 dxe5 9. Nxe5 Bd7 10. Nxd7 Qxd7 11. Nc3 e6 12. 0-0 Be7 13. Be3 0-0 14. Rc1 Rac8 15. Qf3 a6 16. Bxc6 Qxc6 17. Ne4 Qd5 18. Ng5 Bxg5 19. Qxd5 Nxd5 20. Bxg5 h6 21. Be3 Nb4 22. a3 Nd5 23. Bd2 1/2-1/2

[Event "Milan Befana op-B"]
[Site "Milan"]
[Date "2014.01.03"]
[Round "2"]
[White "Spelta, Andrea"]
[Black "Mazzoccoli, Simone"]
[Result "0-1"]
[WhiteElo "1756"]
[BlackElo "1766"]
[PlyCount "100"]
[EventDate "2014.01.02"]
[EventType "swiss"]
[EventRounds "7"]
[EventCountry "ITA"]
[SourceTitle "EXT 2015"]
[Source "ChessBase"]
[SourceDate "2014.11.20"]
[SourceVersion "1"]
[SourceVersionDate "2014.11.20"]
[SourceQuality "1"]

1. Nf3 Nf6 2. g3 g6 3. Bg2 Bg7 4. 0-0 d6 5. d4 0-0 6. c4 Nbd7 7. Nc3 e5 8. h3 c6 9. Be3 e4 10. Nd2 d5 11. cxd5 cxd5 12. Rc1 b6 13. Nb5 Ne8 14. Qb3 Bb7 15. f3 Ndf6 16. fxe4 Nxe4 17. Nxe4 dxe4 18. Rcd1 Nd6 19. Nxd6 Qxd6 20. Bf4 Qd5 21. Qxd5 Bxd5 22. b3 Rac8 23. e3 Rc2 24. Rf2 Rfc8 25. Rdd2 Rc1+ 26. Kh2 R8c3 27. Rfe2 Bf8 28. Bb8 a5 29. Bf4 f6 30. h4 h6 31. g4 g5 32. Bg3 Kg7 33. h5 Ba3 34. Rf2 Rxe3 35. Rc2 Rd3 36. Rxc1 Bxc1 37. Rc2 Bf4 38. Bxf4 gxf4 39. Rc7+ Kf8 40. Rc8+ Ke7 41. Rh8 f3 42. Bf1 Rd2+ 43. Kg3 e3 44. Rxh6 e2 45. Bxe2 Rxe2 46. Rh7+ Kf8 47. Rh6 Kg7 48. Rg6+ Kf7 49. g5 fxg5 50. Rxg5 Rg2+ 0-1

[Event "Milan Crespi op-B 34th"]
[Site "Milan"]
[Date "2013.12.08"]
[Round "6"]
[White "Mazzoccoli, Simone"]
[Black "Biava, Pierluigi"]
[Result "1-0"]
[WhiteElo "1770"]
[BlackElo "1686"]
[PlyCount "43"]
[EventDate "2013.12.04"]
[EventType "swiss"]
[EventRounds "7"]
[EventCountry "ITA"]
[SourceTitle "EXT 2015"]
[Source "ChessBase"]
[SourceDate "2014.11.20"]
[SourceVersion "1"]
[SourceVersionDate "2014.11.20"]
[SourceQuality "1"]

1. e4 c5 2. Nc3 e6 3. g3 Nc6 4. Bg2 d6 5. Nge2 Nf6 6. d4 cxd4 7. Nxd4 Be7 8. 0-0 Qb6 9. Nxc6 bxc6 10. Rb1 Ba6 11. Be3 Qc7 12. Re1 0-0 13. b4 Rab8 14. a4 d5 15. Qd4 Rb7 16. e5 Nd7 17. b5 cxb5 18. axb5 Bc5 19. Qd2 Bxe3 20. Qxe3 Rc8 21. bxa6 Rxb1 22. Nxb1 1-0

[Event "Lombardia Region-ch"]
[Site "Saronno"]
[Date "2013.05.24"]
[Round "1"]
[White "Fantina, Carla"]
[Black "Mazzoccoli, Simone"]
[Result "0-1"]
[WhiteElo "1431"]
[BlackElo "1753"]
[PlyCount "128"]
[EventDate "2013.05.24"]
[EventType "swiss"]
[EventRounds "5"]
[EventCountry "ITA"]
[SourceTitle "EXT 2015"]
[Source "ChessBase"]
[SourceDate "2014.11.20"]
[SourceVersion "1"]
[SourceVersionDate "2014.11.20"]
[SourceQuality "1"]

1. c4 g6 2. Nc3 Bg7 3. e4 d6 4. d3 Nf6 5. Nge2 0-0 6. g3 Nbd7 7. Bg2 a5 8. 0-0 e5 9. Qc2 Nc5 10. h3 Be6 11. Kh2 c6 12. Be3 Nfd7 13. Na4 Nxa4 14. Qxa4 Qc7 15. Rac1 Rfb8 16. Qc2 a4 17. Qd2 Qa5 18. Qxa5 Rxa5 19. b4 axb3 20. axb3 Ra3 21. Rb1 Nc5 22. Bxc5 dxc5 23. f4 Rd8 24. f5 Bc8 25. Rf3 Bh6 26. Nc3 Bd2 27. Na4 Bb4 28. Nb6 Ra2 29. Nxc8 Rxc8 30. Rbf1 Rc7 31. fxg6 hxg6 32. R3f2 Ra3 33. Rb1 Rd7 34. Rf3 Ra2 35. Kh1 Rd2 36. Bf1 Kg7 37. h4 Rd8 38. Ra1 Rb2 39. Ra7 Rd7 40. Bh3 Rc7 41. Bg4 Rxb3 42. h5 Re7 43. Ra2 Ra3 44. Rh2 Ra1+ 45. Kg2 Ra2+ 46. Rf2 Rxf2+ 47. Kxf2 Bc3 48. h6+ Kh7 49. Ke2 b5 50. cxb5 cxb5 51. Kd1 Ra7 52. Rh3 b4 53. Kc2 Ra2+ 54. Kb3 Rb2+ 55. Kc4 Bd4 56. Bd1 Rb1 57. Bb3 Rc1+ 58. Kd5 Rc3 59. Ba4 b3 60. Rh1 b2 61. g4 Rc1 62. Rh2 b1Q 63. Be8 Qb3+ 64. Kd6 Qe6+ 0-1

[Event "Milan Crespi op-C 33rd"]
[Site "Milan"]
[Date "2012.12.09"]
[Round "6"]
[White "Bianchi, Angelo Massimo"]
[Black "Mazzoccoli, Simone"]
[Result "1-0"]
[WhiteElo "1745"]
[BlackElo "1681"]
[PlyCount "85"]
[EventDate "2012.12.05"]
[EventType "swiss"]
[EventRounds "7"]
[EventCountry "ITA"]
[SourceTitle "EXT 2024"]
[Source "ChessBase"]
[SourceDate "2023.10.10"]
[SourceVersion "1"]
[SourceVersionDate "2023.10.10"]
[SourceQuality "1"]

1. e4 c5 2. Nf3 Nc6 3. d4 cxd4 4. Nxd4 g6 5. Be3 Bg7 6. Be2 Nf6 7. Nc3 0-0 8. 0-0 d5 9. Nxc6 bxc6 10. exd5 Nxd5 11. Nxd5 cxd5 12. c3 Rb8 13. Qd2 Qd7 14. Rfd1 e6 15. Rab1 Rd8 16. Bg5 Re8 17. Bh6 Qa4 18. Bxg7 Kxg7 19. Qe3 Ba6 20. Bxa6 Qxa6 21. a3 Qa4 22. Qd4+ Qxd4 23. Rxd4 Rec8 24. Rb4 a5 25. Rxb8 Rxb8 26. b4 axb4 27. cxb4 Ra8 28. Rb3 Kf6 29. Kf1 Ke5 30. Ke2 Ra7 31. b5 Kd6 32. b6 Ra8 33. a4 Kc6 34. a5 Kb7 35. Ra3 Rc8 36. Kd3 e5 37. f3 f5 38. Rc3 Rxc3+ 39. Kxc3 d4+ 40. Kc4 Kc6 41. f4 d3 42. Kxd3 exf4 43. Kd4 1-0

[Event "Milan Crespi op-C 33rd"]
[Site "Milan"]
[Date "2012.12.08"]
[Round "4"]
[White "Ruggeri, Igor"]
[Black "Mazzoccoli, Simone"]
[Result "0-1"]
[WhiteElo "1588"]
[BlackElo "1681"]
[PlyCount "64"]
[EventDate "2012.12.05"]
[EventType "swiss"]
[EventRounds "7"]
[EventCountry "ITA"]
[SourceTitle "EXT 2024"]
[Source "ChessBase"]
[SourceDate "2023.10.10"]
[SourceVersion "1"]
[SourceVersionDate "2023.10.10"]
[SourceQuality "1"]

1. d4 Nf6 2. c4 g6 3. Nc3 Bg7 4. e4 d6 5. f4 0-0 6. Nf3 c5 7. Be2 Qa5 8. 0-0 cxd4 9. Nxd4 Qb6 10. Na4 Qc7 11. Qd3 Nc6 12. Nxc6 Qxc6 13. Nc3 Qb6+ 14. Kh1 Nd7 15. Nd5 Qd8 16. Rb1 Nc5 17. Qf3 Re8 18. b3 Nxe4 19. Bb2 Nd2 20. Qe3 Nxf1 21. Bxf1 Bf5 22. Bd3 Bxd3 23. Qxd3 Bxb2 24. Rxb2 e6 25. Ne3 Qf6 26. Rf2 Qa1+ 27. Nd1 e5 28. fxe5 Rxe5 29. Rf1 Rae8 30. Qf3 Rf5 31. Qd3 Qb1 32. Nb2 Qxf1+ 0-1

[Event "Milan Crespi op-C 33rd"]
[Site "Milan"]
[Date "2012.12.07"]
[Round "3"]
[White "Mazzoccoli, Simone"]
[Black "Confalonieri, Luca"]
[Result "1-0"]
[WhiteElo "1681"]
[BlackElo "1607"]
[PlyCount "77"]
[EventDate "2012.12.05"]
[EventType "swiss"]
[EventRounds "7"]
[EventCountry "ITA"]
[SourceTitle "EXT 2024"]
[Source "ChessBase"]
[SourceDate "2023.10.10"]
[SourceVersion "1"]
[SourceVersionDate "2023.10.10"]
[SourceQuality "1"]

1. e4 e5 2. Nf3 Nc6 3. d4 exd4 4. Nxd4 Nf6 5. Nxc6 bxc6 6. Bd3 Bb4+ 7. Bd2 Rb8 8. b3 d6 9. 0-0 0-0 10. Bxb4 Rxb4 11. Nc3 Bg4 12. Qd2 Rb8 13. h3 Bh5 14. Rfe1 Re8 15. Rac1 Qd7 16. Re3 d5 17. exd5 cxd5 18. Rxe8+ Rxe8 19. Re1 Rxe1+ 20. Qxe1 Bg6 21. Bxg6 hxg6 22. Qe5 c5 23. Qb8+ Kh7 24. Qb5 Qe7 25. Kf1 d4 26. Na4 Ne4 27. Qe2 f5 28. Kg1 Qd6 29. g4 Qf4 30. gxf5 Qg5+ 31. Qg4 Qc1+ 32. Kg2 Qxc2 33. Qh4+ Kg8 34. fxg6 Nf6 35. Qg3 Qe4+ 36. Kh2 Nd7 37. Nxc5 Qe8 38. Nxd7 a5 39. Qd6 1-0

[Event "Lombardia Region-ch"]
[Site "Solaro"]
[Date "2010.05.30"]
[Round "5"]
[White "Oteri, Aldo"]
[Black "Mazzoccoli, Simone"]
[Result "1-0"]
[WhiteElo "1821"]
[BlackElo "1425"]
[PlyCount "55"]
[EventDate "2010.05.28"]
[EventType "swiss"]
[EventRounds "5"]
[EventCountry "ITA"]
[SourceTitle "EXT 2024"]
[Source "ChessBase"]
[SourceDate "2023.10.10"]
[SourceVersion "1"]
[SourceVersionDate "2023.10.10"]
[SourceQuality "1"]

1. e4 c5 2. Nf3 Nc6 3. d4 cxd4 4. Nxd4 g6 5. c4 Bg7 6. Nc2 d6 7. Be2 Nf6 8. Nc3 Nd7 9. f4 Nc5 10. Bf3 0-0 11. 0-0 Bd7 12. Be3 b6 13. Qe2 Rc8 14. Rfd1 Qc7 15. Nd5 Qb8 16. e5 dxe5 17. Bxc5 bxc5 18. Nxe7+ Nxe7 19. Rxd7 Rc7 20. Rad1 Re8 21. fxe5 Rxd7 22. Rxd7 Qxb2 23. e6 Qxa2 24. exf7+ Kxf7 25. Bd5+ Kf8 26. Qf2+ Nf5 27. Rf7+ Kg8 28. Rxa7+ 1-0